Generic to Brand Top 200 Spring 2014 Quiz Stats

 Plays Quiz not verified by Sporcle

Score 0/51 Timer 20:00
0 Plays Today
Generic Name Brand Name % Correct
SildenafilViagra
92.3%
CiprofloxacinCipro
91.2%
CephalexinKeflex
90.1%
AzithromycinZithromax
90.1%
AmoxicillinAmoxil
90.1%
OseltamavirTamiflu
89%
TadalafilCialis
89%
AlbuterolProAir HFA
87.9%
Amoxicillin/potassium clavulanateAugmentin
87.9%
Trimethoprim/sulfamethoxazoleBactrim DS
86.8%
Nitrofurantoin macrocrystal monohydrateMacrobid
85.7%
Penicillin VKPenicillin V Potassium
85.7%
LevalbuterolXopenex HFA
84.6%
Fluticasone InhalationFlovent HFA
84.6%
TiotropiumSpiriva
84.6%
Nystatin systemicNystat
84.6%
MontelukastSingulair
83.5%
AcyclovirZovirax
83.5%
MinocyclineMinocin
82.4%
Metronidazole tabsFlagyl
81.3%
Mometasone nasal inhalationNasonex
80.2%
DoxycyclineDoryx
80.2%
LevofloxacinLevaquin
76.9%
FinasterideProscar
76.9%
Albuterol/ipratropiumCombivent
71.4%
CefdinirOmnicef
68.1%
Generic Name Brand Name % Correct
CefuroximeCeftin
68.1%
Budesonide/formoterolSymbicort
65.9%
FluconazoleDiflucan
64.8%
Valacyclovir HClValtrex
64.8%
GatifloxacinZymar
63.7%
MupirocinBactroban
63.7%
Tolterodine ERDetrol LA
63.7%
Phenazopyridine HClPyridium
61.5%
Fluticasone/salmeterolAdvair Diskus
59.3%
Methylprednisolone tabsMedrol
56%
Guaifenesin/CodeineChertussin AC
53.8%
Clindamycin SystemicCleocin
52.7%
ClarithromycinBiaxin (XL)
51.6%
Chlorhexidine gluconatePeridex
51.6%
Tamsulosin HCl Flomax
48.4%
Triamcinolone Acetonide (topical)Kenalog
47.3%
MoxifloxacinAvelox
42.9%
Triamcinolone (nasal)Nasacort AQ
39.6%
PredinisoneSterapred DS
37.4%
SolifenacinVesicare
35.2%
Clotrimazole/betamethasoneLotrisone
34.1%
DutasterideAvodart
31.9%
TerazosinHytrin
30.8%
DarbepoetinAranesp
28.6%
Oxybutynin chlorideDitropan XL
20.9%

You're not logged in!

Compare scores with friends on all Sporcle quizzes.
OR
Log In

Show Comments

Extras

Created Feb 25, 2014ReportNominate
Tags:200, 2014, brand, generic, spring, Top 200

Top Quizzes Today


Score Distribution

Your Account Isn't Verified!

In order to create a playlist on Sporcle, you need to verify the email address you used during registration. Go to your Sporcle Settings to finish the process.

Report this User

Report this user for behavior that violates our Community Guidelines.

Details: